000 00388nam a22001457a 4500
003 OSt
005 20140310182025.0
008 130803t xxu||||| |||| 00| 0 eng d
050 _aPZ 7
_b.St859 1998
082 _aKF#
_bGHO #28
245 _aHide and shriek II /
_cR.L. Stine.
260 _aNew York :
_bParachute Press, Inc.,
_cc1998.
300 _a111 p . ;
942 _2lcc
_cBK-KF
_kKF
999 _c8448
_d8448